| 000 | 00830nam a2200265Ia 4500 | ||
|---|---|---|---|
| 001 | 22071 | ||
| 005 | 20260320113339.0 | ||
| 008 | 260320s9999||||xx |||||||||||||| ||und|| | ||
| 020 | _a9780140447804 | ||
| 041 | _aING | ||
| 082 |
_a100 _bB163C |
||
| 100 |
_aBoethius, _eAUT |
||
| 245 | 4 |
_aThe consolation of philosophy _b |
|
| 246 |
_a _5 _b |
||
| 250 | _aRevised edition | ||
| 260 |
_aLondon : _bPenguin Books, _c1999 |
||
| 300 |
_a154 páginas : _b _c20 cm. _e |
||
| 440 |
_a(Penguin Classics) _n _v |
||
| 650 | _aFIP | ||
| 653 | _aFortuna y felicidad; Bien y mal; Destino y libre albedrío | ||
| 654 | _aCHU | ||
| 700 |
_aWatts, Victor, _cTRA |
||
| 856 |
_uhttps://0u20fpn98-y-https-research-ebsco-com.itmsp.museknowledge.com/c/qxo6us/ebook-viewer/pdf/yvzsowaumj _zVersión digital (2009) |
||
| 942 |
_cLIB _dJUS _fMAT _2ddc _n |
||
| 999 |
_c22071 _d22071 |
||